Πώς Ένας Μάνατζερ Σαμποτάρει τον Εαυτό του και Ποιό Είναι το Σύνδρομο Εργασιακής Εξουθένωσης (Record no. 9550)
[ view plain ]
| 000 -LEADER | |
|---|---|
| fixed length control field | 02031cam a22001814a 4500 |
| 005 - ΗΜΕΡΟΜΗΝΙΑ ΚΑΙ ΩΡΑ ΤΕΛΕΥΤΑΙΑΣ ΕΝΗΜΕΡΩΣΗΣ | |
| Πεδίο ελέγχου | 20250605164403.0 |
| 008 - FIXED-LENGTH DATA ELEMENTS--GENERAL INFORMATION | |
| Πεδίο ελέγχου σταθερού μήκους | 250528s ||||||||||||||||||||||||d |
| 035 ## - SYSTEM CONTROL NUMBER | |
| System control number | 24683 |
| 040 ## - ΠΗΓΗ ΚΑΤΑΛΟΓΟΓΡΑΦΗΣΗΣ | |
| Φορέας πρωτότυπης καταλογογράφησης | MC Athens Campus Library |
| Γλώσσα καταλογογράφησης | Ελληνικά, Μοντέρνα (1453-) |
| Modifying agency | MC Athens Campus Library |
| Κανόνες περιγραφικής καταλογογράφησης | AACR2 |
| 245 1# - ΤΙΤΛΟΣ ΚΑΙ ΔΗΛΩΣΗ ΥΠΕΥΘΥΝΟΤΗΤΑΣ | |
| Τίτλος | Πώς Ένας Μάνατζερ Σαμποτάρει τον Εαυτό του και Ποιό Είναι το Σύνδρομο Εργασιακής Εξουθένωσης |
| 260 ## - PUBLICATION, DISTRIBUTION, ETC. | |
| Name of publisher, distributor, etc. | Δελτίον Διοικήσεως Επιχειρήσεων, |
| Date of publication, distribution, etc. | 2019 |
| 300 ## - PHYSICAL DESCRIPTION | |
| Extent | 80 |
| 520 ## - SUMMARY, ETC. | |
| Summary, etc. | Πώς Ένας Μάναντζερ Σαμποτάρει τον Εαυτό του Ασκώντας Αρνητική Κριτική στους Άλλους, Δημιουργώντας Ψηφιακές Προσφορές που οι Πελάτες θα Αγοράσουν, Από το Branding στο Brand Positioning και στην Καρδιά του Πελάτη του, EBRD: Οι Προτεραιότητες της Ελληνικής Οικονομίας για το 2020, EE: Εφικτοί οι Δημοσιονομικοί Στόχοι για το 2020, Θ. ΦΕΣΣΙΑΣ: Επαννεκίνηση της Αναπτυξιακής Διαδικασίας, ΕΥ: Θετικό Κλίμα για Επενδύσεις στην Ελλάδα, ΤτΕ: Μείωση Καταθέσεων και Δανείων, ΕΕΕ: Οι Έλληνες Πλοιοκτήτες Υποστηρίζουν Πλήρως την Πρόταση για τη Σύσταση Ταμείου για την Εξάλειψη των Εκπομπών CO2 από τα Πλοία, BIMCO: Δεν θα Συνεχιστεί η Ανοδική Πορεία των Ναύλων Τάνκερ, EAEE: Αυξημένη Παραγωγή Ασφαλίστρων στο Εννιάμηνο 2019, Τα Νέα των Βιομηχανικών και Εμπορικών Επιχειρήσεων. |
| 700 1# - ΠΡΟΣΘΕΤΗ ΑΝΑΓΡΑΦΗ--ΦΥΣΙΚΟ ΠΡΟΣΩΠΟ | |
| Personal name | Παπαμιχαλάκης Ιωάννης Ν |
| 9 (RLIN) | 9495 |
| 942 ## - ADDED ENTRY ELEMENTS (KOHA) | |
| Koha item type | Περιοδικά Δημοσιεύματα |
| Τύπος τεκμηρίου | Βιβλιοθήκη | Τρέχουσα τοποθεσία | Barcode | Ημερομηνία απόκτησης | Ταξιθετικό σύμβολο | Αριθμός αντιτύπου | Αρίθμηση σειρών / χρονολογία | Κατάσταση απόσυρσης | Κατάσταση χαμένου | Κατάσταση κατεστραμμένου | Μη δανεισμός | Σύνολο δανεισμών | Ημερομηνία τελευταίας εμφάνισης | Η τιμή ισχύει από |
|---|---|---|---|---|---|---|---|---|---|---|---|---|---|---|
| Περιοδικά Δημοσιεύματα | MC Athens Campus Library | MC Athens Campus Library | 9780000095497 | 05/06/2025 | ΔΕΛΤΙΟΝ ΔΙΟΙΚΗΣΗ ΕΠΙΧΕΙΡΗΣΕΩΝ | 1 | 439 | 05/06/2025 | 05/06/2025 |